000 00512nam a2200193Ia 4500
005 20250508160435.0
008 008 250505s9999 xx 000 0 eng d
037 _aTextual
040 _aFEDL
_beng
_cFEDL
041 _aeng
_2eng
084 _a370.942, STE
_qFEDL
100 _aStewart W A C
245 0 _aEducational innovators. Vol 2
260 _aLondon, UK
_bMacmillan
_c1968
300 _axi,392p.
650 _aEducation
942 _cTEXL
_h370.942, STE
999 _c1364618
_d1364618